[Event "Novorossiysk Small Land Rapid op"]
[Site "Novorossiysk"]
[Date "2023.07.27"]
[Round "8"]
[White "Vastrukhin, Oleg"]
[Black "Polkovnikyan, Artem"]
[Result "1-0"]
[WhiteElo "2343"]
[BlackElo "1760"]
[PlyCount "95"]
[EventDate "2023.07.26"]
[EventType "swiss (rapid)"]
[EventRounds "11"]
[EventCountry "RUS"]
[SourceTitle "CBM 215 Extra"]
[Source "ChessBase"]
[SourceDate "2023.09.30"]
[SourceVersion "1"]
[SourceVersionDate "2023.09.30"]
[SourceQuality "1"]

1. c4 Nf6 2. Nc3 d5 3. cxd5 Nxd5 4. g3 g6 5. Bg2 Nxc3 6. dxc3 Qxd1+ 7. Kxd1 Bg7 8. Kc2 0-0 9. h4 h5 10. Nh3 Nc6 11. Nf4 Bg4 12. Bxc6 bxc6 13. f3 Bd7 14. Nd3 e5 15. Be3 Rfd8 16. Bc5 Bf5 17. e4 Be6 18. Rhd1 a5 19. b3 Rd7 20. a4 Rad8 21. Nf2 Bh6 22. Rxd7 Rxd7 23. Rd1 Rxd1 24. Nxd1 f5 25. Nf2 Kf7 26. c4 Bc8 27. Kd3 Ke6 28. Ke2 g5 29. exf5+ Kxf5 30. Be3 Kg6 31. Ne4 gxh4 32. Bxh6 Kxh6 33. gxh4 Bf5 34. Nc5 Bc8 35. Nd3 Bf5 36. b4 axb4 37. Nxb4 e4 38. f4 Be6 39. c5 Kg6 40. a5 Bd7 41. a6 Bc8 42. a7 Bb7 43. Ke3 Kf5 44. Nc2 Kg4 45. Kxe4 Kxh4 46. Nd4 Kg4 47. Nf3 Ba8 48. f5 1-0

[Event "Novorossiysk Small Land op"]
[Site "Novorossiysk"]
[Date "2023.07.24"]
[Round "8"]
[White "Rjabzev, Konstantin"]
[Black "Polkovnikyan, Artem"]
[Result "1-0"]
[WhiteElo "2247"]
[BlackElo "1760"]
[PlyCount "117"]
[EventDate "2023.07.17"]
[EventType "swiss"]
[EventRounds "9"]
[EventCountry "RUS"]
[SourceTitle "CBM 215 Extra"]
[Source "ChessBase"]
[SourceDate "2023.09.30"]
[SourceVersion "1"]
[SourceVersionDate "2023.09.30"]
[SourceQuality "1"]

1. e4 c6 2. d3 d5 3. Nd2 e5 4. Ngf3 Bd6 5. g3 Nf6 6. Bg2 0-0 7. 0-0 Re8 8. Re1 Nbd7 9. c3 b6 10. Qc2 a5 11. d4 exd4 12. cxd4 dxe4 13. Nxe4 Nxe4 14. Rxe4 Bb7 15. Bg5 Qc7 16. Rae1 Rxe4 17. Qxe4 c5 18. Qg4 Nf8 19. h4 cxd4 20. Bf6 Ng6 21. Bxd4 Rd8 22. Ng5 Bxg2 23. Kxg2 Be5 24. Bxe5 Nxe5 25. Qf5 Ng6 26. h5 h6 27. hxg6 hxg5 28. Qxg5 Qc6+ 29. Kg1 Rf8 30. gxf7+ Rxf7 31. Rc1 Qe6 32. a3 Rf8 33. Qd2 Qf5 34. Qd4 Rf6 35. Rc7 Qb1+ 36. Kg2 Qf5 37. Qc4+ Kh8 38. Rc8+ Rf8 39. Rxf8+ Qxf8 40. Qd4 Qa8+ 41. f3 Qc6 42. g4 Kg8 43. Kg3 a4 44. f4 b5 45. f5 Qc7+ 46. Kf3 Qc6+ 47. Kf4 Qc7+ 48. Ke4 Kh7 49. g5 Qe7+ 50. Kf4 Qe2 51. f6 Qh2+ 52. Kf5 Qg3 53. fxg7 Qf3+ 54. Ke6 Qc6+ 55. Qd6 Qe4+ 56. Qe5 Qc6+ 57. Ke7 Qb7+ 58. Kd6 b4 59. g8B+ 1-0